00540nam a2200193Ia 4500003000400000005001700004008004100021020002200062040000700084041000800091082002500099100004000124245009000164250000600254260003600260300001700296365001700313650001600330OSt20230519124140.0210423s2009 xx 000 0 und d a978-0-387-76500-6 cAL aeng a620.11299223b WILT aWILLIAMS (David B);CARTER (C Barry) aTransmission electron microscopy: part 1: basics Ed 2bTextbook for materials science a2 aNew YorkbSpringer Verlagc2009 alxii,193bPB b1311.56cINR aEngineering